| 000 | 00410nam a2200169Ia 4500 | ||
|---|---|---|---|
| 001 | 55326 | ||
| 008 | 140505s9999 xx 000 0 und d | ||
| 020 | _aNA | ||
| 040 | _cPK-LaUMT | ||
| 082 |
_aMAL 302.33 _bWRI-H |
||
| 100 | _aWright, C. W. | ||
| 245 |
_aHow to speak in public _cWright, C. W. |
||
| 260 |
_aNew York,USA: _bGarland Publishing, Inc., _cNA |
||
| 300 | _a238 p. | ||
| 546 | _aEN | ||
| 942 | _cBK | ||
| 999 |
_c52676 _d52676 |
||